000 00342nam a2200133Ia 4500
008 240624s9999 xx 000 0 und d
041 _aeng
082 _a519 BHA
100 _aBHARDWAJ R S
245 _aMATHEMATICS FOR ECONOMICS AND BUSINESS
260 _c2000
_aNew Delhi
_bExcel Books
300 _axi, : 605 : p. : cm. ; 21
365 _cRS
999 _c22428
_d22428